000 00440nam a2200181Ia 4500
001 7918
005 20260306160531.0
008 260306t2019||||xx |||||||||||||| ||spa||
041 _aESP
082 _a363.7392
_bE18
100 _aEcheverri Londoño, Carlos Alberto,
_eAUT
245 0 _aContaminación atmosférica
260 _c2019
300 _a593 páginas :
_c28 cm.
650 _aGEN
654 _aCIA
942 _cLIB
_dJUS
_fJUS
_2ddc
_n
999 _c7918
_d7918